[Event "TCh-RUS Blitz 2015"]
[Site "Sochi RUS"]
[Date "2015.05.10"]
[Round "6.29"]
[White "Reshetnikov, Alexey"]
[Black "Triapishko, Olexandr"]
[Result "1-0"]
[WhiteTitle "IM"]
[WhiteElo "2498"]
[BlackElo "2393"]
[WhiteTeam "Our heritage junior (Moscow)"]
[BlackTeam "Crimea (Republic of Crimea)"]
[WhiteFideId "4162080"]
[BlackFideId "14122286"]
[EventDate "2015.05.10"]

1. Nf3 Nf6 2. c4 g6 3. Nc3 d5 4. cxd5 Nxd5 5. Qb3 Nb6 6. d4 Bg7 7. Bg5 O-O 8.
Rd1 Nc6 9. e3 h6 10. Bh4 g5 11. Bg3 Bg4 12. Be2 e6 13. h3 Bh5 14. O-O a5 15. Ne4
a4 16. Qc3 Nd5 17. Qc1 Nce7 18. Qd2 Nf5 19. Bh2 Nd6 20. Nc3 a3 21. b3 Bg6 22.
Ne5 Bh7 23. f3 Nxc3 24. Qxc3 c6 25. e4 f5 26. exf5 Nxf5 27. Bc4 Re8 28. Rfe1 Nd6
29. Bf1 Nf5 30. Kh1 Ne7 31. Bd3 Nd5 32. Bxh7+ Kxh7 33. Qd3+ Kg8 34. Qg6 Qf6 35.
Qh5 Rad8 36. Ng4 Qf8 37. Be5 Kh7 38. h4 Bxe5 39. Nxe5 Nf4 40. Qg4 Qf5 41. hxg5
hxg5 42. g3 Qxg4 43. Nxg4 Nd5 44. Re5 Kg6 45. Rde1 Rd6 46. Kg2 b5 47. Rh1 Rg8
48. Rh6+ Kf7 49. Rh7+ Kg6 50. Ra7 b4 51. Rb7 Nc3 52. Rxb4 Nxa2 53. Ra4 Nc3 54.
Rxa3 Nb5 55. Ra5 Rgd8 56. Nf2 Kf7 57. Ne4 Rxd4 58. Nxg5+ Kf6 59. f4 R8d6 60.
Ne4+ Ke7 61. Nxd6 Kxd6 62. Raxb5 cxb5 63. Rxb5 Kc6 64. Re5 Kd6 65. Re3 Rd1 66.
Kf3 Rf1+ 67. Kg4 Kd5 68. Kg5 1-0

[Event "TCh-RUS Blitz 2015"]
[Site "Sochi RUS"]
[Date "2015.05.10"]
[Round "6.30"]
[White "Alexeev, Alexey"]
[Black "Vavulin, Maksim"]
[Result "0-1"]
[WhiteTitle "IM"]
[BlackTitle "IM"]
[WhiteElo "2320"]
[BlackElo "2442"]
[WhiteTeam "Crimea (Republic of Crimea)"]
[BlackTeam "Our heritage junior (Moscow)"]
[WhiteFideId "14106663"]
[BlackFideId "4169530"]
[EventDate "2015.05.10"]

1. d4 g6 2. c4 Bg7 3. Nf3 d6 4. g3 Nd7 5. Bg2 e5 6. Nc3 Ne7 7. O-O O-O 8. e4 h6
9. Be3 Kh7 10. Qd2 Nb6 11. b3 Bg4 12. h3 Bxf3 13. Bxf3 Nc6 14. Ne2 Qf6 15. d5
Qxf3 16. dxc6 Qxe4 17. cxb7 Qxb7 18. Rad1 Rad8 19. Nc3 f5 20. f4 Nd7 21. Nd5 c6
22. Nc3 exf4 23. gxf4 Nf6 24. Kh2 d5 25. Qg2 Ne4 26. Ne2 c5 27. Rg1 Rf6 28. Nc1
d4 29. Bf2 Ra6 30. Bh4 Re8 31. Nd3 Qc7 32. a4 Rb6 33. Rb1 Nc3 34. Rb2 Re3 35. a5
Rbe6 36. Ne5 Bxe5 37. fxe5 Qxe5+ 38. Kh1 Qe4 39. Qxe4 R6xe4 40. Kh2 Rxh4 41. b4
Rhxh3+ 42. Kg2 Rhg3+ 43. Kf2 Ne4+ 44. Kf1 Re1+ 45. Kxe1 Rxg1+ 46. Ke2 Rg2+ 47.
Kf3 Rxb2 0-1

[Event "TCh-RUS Blitz 2015"]
[Site "Sochi RUS"]
[Date "2015.05.10"]
[Round "6.31"]
[White "Savenkov, Konstantin"]
[Black "Vasilevich, Tatjana"]
[Result "0-1"]
[WhiteTitle "FM"]
[BlackTitle "IM"]
[WhiteElo "2320"]
[BlackElo "2404"]
[WhiteTeam "Our heritage junior (Moscow)"]
[BlackTeam "Crimea (Republic of Crimea)"]
[WhiteFideId "4138600"]
[BlackFideId "14101610"]
[EventDate "2015.05.10"]

1. e4 c5 2. Nf3 e6 3. d3 d5 4. Nbd2 Nc6 5. g3 Nf6 6. Bg2 Bd6 7. O-O Bc7 8. exd5
Nxd5 9. Ne4 b6 10. Bg5 f6 11. Bd2 O-O 12. Re1 e5 13. a3 Be6 14. c3 Qd7 15. Qc2
Rad8 16. Rad1 Nde7 17. Bc1 Na5 18. c4 Nac6 19. Qb1 Bg4 20. Rd2 Kh8 21. b4 cxb4
22. axb4 Nf5 23. Nc3 Nfd4 24. Nxd4 Nxd4 25. Re3 Qf5 26. Nd5 Bd6 27. Be4 Qh5 28.
Bb2 Nf3+ 29. Bxf3 Bxf3 30. d4 Bxd5 31. dxe5 Bxb4 32. Rxd5 fxe5 33. Rdxe5 Rd1+ 0-1

[Event "TCh-RUS Blitz 2015"]
[Site "Sochi RUS"]
[Date "2015.05.10"]
[Round "6.32"]
[White "Gritsayeva, Oksana"]
[Black "Shuvalova, Polina"]
[Result "0-1"]
[WhiteTitle "WFM"]
[BlackTitle "WFM"]
[WhiteElo "2328"]
[BlackElo "2212"]
[WhiteTeam "Crimea (Republic of Crimea)"]
[BlackTeam "Our heritage junior (Moscow)"]
[WhiteFideId "14104652"]
[BlackFideId "24171760"]
[EventDate "2015.05.10"]

1. e4 c5 2. Nf3 g6 3. c3 Bg7 4. d4 cxd4 5. cxd4 d5 6. exd5 Nf6 7. Nc3 O-O 8. h3
Nxd5 9. Bc4 Nxc3 10. bxc3 b6 11. O-O Bb7 12. Qe2 Nc6 13. Bg5 Qd7 14. Rfe1 e6 15.
Bb5 Qd6 16. Rad1 h6 17. Bh4 a6 18. Ba4 Na5 19. Ne5 Rac8 20. Qe3 Qa3 21. Bb3 Nxb3
22. c4 Qxa2 23. Nd7 Rxc4 24. Nxf8 Bxf8 25. Bf6 Qa4 26. Rb1 Qc6 27. f3 Na5 28. d5
Qxd5 29. Rxb6 Rc2 30. Bd4 Nc4 31. Qd3 Nxb6 32. Qxc2 Qxd4+ 33. Kh1 Nd5 34. Rb1
Bc6 35. Qxc6 Bc5 36. Qxa6 Nf4 37. Qf1 Qf2 38. Qxf2 Bxf2 39. Rb4 Nd5 40. Rb7 Kg7
41. g4 Kf6 42. Kg2 Bd4 43. Kf1 Be5 44. Kg2 g5 45. Ra7 Nf4+ 46. Kg3 Ng6+ 47. Kg2
Nh4+ 48. Kf2 Bd4+ 49. Ke2 Bxa7 0-1

[Event "TCh-RUS Blitz 2015"]
[Site "Sochi RUS"]
[Date "2015.05.10"]
[Round "6.33"]
[White "Smirnov, Alexey"]
[Black "Demidov, Mikhail"]
[Result "0-1"]
[BlackTitle "IM"]
[WhiteElo "2453"]
[BlackElo "2513"]
[WhiteTeam "BOC Russian Federation (Smolensk region)"]
[BlackTeam "Boavista (Moscow)"]
[WhiteFideId "4168437"]
[BlackFideId "4197143"]
[EventDate "2015.05.10"]

1. d4 e6 2. c4 b6 3. Nc3 Bb7 4. Nf3 Be7 5. e4 d6 6. Be2 Nd7 7. O-O a6 8. Re1 g5
9. Bf1 h5 10. Rb1 g4 11. Nd2 Nh6 12. b4 h4 13. Nb3 Bg5 14. f4 gxf3 15. Qxf3 Bxc1
16. Rbxc1 Qg5 17. Rc2 Rg8 18. c5 bxc5 19. bxc5 dxc5 20. Na5 Bc8 21. e5 Rb8 22.
Ne4 Qf5 23. Qxf5 Nxf5 24. dxc5 Kf8 25. Nf6 Nxf6 26. exf6 Rg6 27. Rd2 Rxf6 28.
Rd8+ Kg7 29. Nc6 Ra8 30. Ne5 Bb7 31. Rxa8 Bxa8 32. Bxa6 Nd4 33. a4 Rf5 34. Bb5
Bd5 35. Bd3 Rg5 36. Kf1 Rxg2 37. Be4 Rxh2 38. Bxd5 exd5 39. a5 Nb3 40. a6 Ra2
41. c6 Rxa6 42. Re3 Nc5 43. Rc3 Ra1+ 44. Kg2 Ne6 45. Kh3 d4 46. Rb3 Re1 47. Nf3
Re3 48. Rxe3 dxe3 49. Kxh4 e2 50. Kg3 Nd4 51. Ne1 Nxc6 52. Kf3 Nd4+ 53. Ke4 c5
54. Kd5 Kf6 55. Kxc5 Ke5 56. Kc4 Ke4 57. Kc3 Nf3 0-1

[Event "TCh-RUS Blitz 2015"]
[Site "Sochi RUS"]
[Date "2015.05.10"]
[Round "6.35"]
[White "Draganov, Ruslan"]
[Black "Pasiev, Rakhim"]
[Result "0-1"]
[WhiteTitle "FM"]
[BlackTitle "IM"]
[WhiteElo "2195"]
[BlackElo "2384"]
[WhiteTeam "BOC Russian Federation (Smolensk region)"]
[BlackTeam "Boavista (Moscow)"]
[WhiteFideId "4108736"]
[BlackFideId "24122475"]
[EventDate "2015.05.10"]

1. e4 c5 2. Nf3 Nc6 3. Nc3 g6 4. Bc4 Bg7 5. d3 d6 6. h3 Nf6 7. a4 O-O 8. O-O h6
9. Ne2 Kh7 10. g4 Nxg4 11. hxg4 Bxg4 12. Nh2 Bh3 13. Re1 Ne5 14. Nf4 Bd7 15. Be3
Nxc4 16. dxc4 Bxb2 17. Rb1 Bc3 18. Rxb7 Bxe1 19. Qxe1 Bxa4 20. Nd5 Bc6 21. Rb3
e6 22. Nf4 Bxe4 23. f3 Bc6 24. Qc3 Qg5+ 25. Ng2 Qh5 26. Ng4 f5 27. Nf6+ Rxf6 28.
Qxf6 Rg8 29. Ra3 Rg7 30. Bd2 Bxf3 31. Bc3 e5 32. Qh4 Bxg2 33. Qxh5 gxh5 34. Kh2
Be4 35. Ra6 Rd7 36. Be1 Bxc2 37. Rc6 Bb3 38. Rc8 Bxc4 39. Rf8 f4 40. Kh3 Kg6 41.
Kh4 a6 42. Re8 f3 43. Bf2 a5 44. Ra8 Kf5 45. Rxa5 Ke4 46. Ra3 Bd3 47. Ra4+ c4
48. Bg3 Rg7 49. Bf2 Rg4+ 50. Kh3 Bf1+ 51. Kh2 Rg2+ 52. Kh1 Rxf2 53. Ra6 Rd2 0-1

[Event "TCh-RUS Blitz 2015"]
[Site "Sochi RUS"]
[Date "2015.05.10"]
[Round "6.36"]
[White "Denishev, Marat"]
[Black "Romanenkov, Aleksandr"]
[Result "1-0"]
[WhiteElo "2275"]
[BlackElo "2105"]
[WhiteTeam "Boavista (Moscow)"]
[BlackTeam "BOC Russian Federation (Smolensk region)"]
[WhiteFideId "24131563"]
[BlackFideId "24118478"]
[EventDate "2015.05.10"]

1. d4 c5 2. d5 e5 3. e4 d6 4. Nc3 g6 5. Bb5+ Nd7 6. a4 Bg7 7. Nf3 Ne7 8. O-O O-O
9. Nd2 f5 10. Nc4 Nf6 11. a5 a6 12. Ba4 fxe4 13. Bg5 h6 14. Bxf6 Bxf6 15. Nxe4
Nf5 16. Qd2 Kg7 17. Ra3 h5 18. Rb3 Nd4 19. Rb6 Rf7 20. Ncxd6 Be7 21. Nxf7 Kxf7
22. d6 Bf8 23. Qd1 1-0

[Event "TCh-RUS Blitz 2015"]
[Site "Sochi RUS"]
[Date "2015.05.10"]
[Round "7.1"]
[White "Andreikin, Dmitry"]
[Black "Bocharov, Ivan"]
[Result "1/2-1/2"]
[WhiteTitle "GM"]
[BlackTitle "FM"]
[WhiteElo "2723"]
[BlackElo "2489"]
[WhiteTeam "University (Belorechensk)"]
[BlackTeam "56 parallel (Krasnoyarsk)"]
[WhiteFideId "4158814"]
[BlackFideId "4180887"]
[EventDate "2015.05.10"]

1. d4 f5 2. Nf3 Nf6 3. Bg5 e6 4. Nbd2 d5 5. e3 Be7 6. c4 O-O 7. cxd5 exd5 8. Bd3
c6 9. O-O Ne4 10. Bxe7 Qxe7 11. Ne5 Nd7 12. Ndf3 Ndf6 13. a3 a5 14. Rb1 Bd7 15.
Qc2 a4 16. Nd2 Nd6 17. Qd1 b5 18. Qc2 Ra6 19. Rbe1 g6 20. Qc5 Re8 21. Ndf3 Nc4
22. Qxe7 Rxe7 23. Re2 Be8 24. Bb1 Nd7 25. Nd3 Kg7 26. Ba2 Rb6 27. Nb4 Kf6 28.
Rc1 g5 29. Ne1 Bh5 30. Rec2 Bg6 31. Bxc4 bxc4 32. Rc3 Nb8 33. g3 Reb7 34. Nec2
Bh5 35. f4 Bf3 36. fxg5+ Kxg5 37. Rf1 Be4 38. Rf4 h5 39. Kf2 Bxc2 40. Rxc2 Na6
41. Nxa6 Rxa6 42. Ke1 Rab6 43. Rcf2 Rf7 44. Kd1 Rb3 45. R4f3 Kg6 46. h4 Rf6 47.
Kc1 1/2-1/2

[Event "TCh-RUS Blitz 2015"]
[Site "Sochi RUS"]
[Date "2015.05.10"]
[Round "7.2"]
[White "Kiriakov, Petr"]
[Black "Jobava, Baadur"]
[Result "1/2-1/2"]
[WhiteTitle "GM"]
[BlackTitle "GM"]
[WhiteElo "2535"]
[BlackElo "2699"]
[WhiteTeam "56 parallel (Krasnoyarsk)"]
[BlackTeam "University (Belorechensk)"]
[WhiteFideId "4119231"]
[BlackFideId "13601520"]
[EventDate "2015.05.10"]

1. d4 d5 2. c4 c6 3. Nf3 Nf6 4. e3 g6 5. Nc3 Bg7 6. Be2 O-O 7. O-O Bg4 8. cxd5
cxd5 9. Qb3 b6 10. h3 Bxf3 11. Bxf3 e6 12. Bd2 Nc6 13. Be2 Ne8 14. Qa4 Ne7 15.
Rfc1 Nd6 16. Nb5 Ndf5 17. Nc7 Rc8 18. Qxa7 e5 19. Nb5 exd4 20. exd4 Nc6 21. Qa4
Nfxd4 22. Nxd4 Nxd4 23. Bf1 Qh4 24. Qd7 Rcd8 25. Qg4 Qxg4 26. hxg4 f5 27. gxf5
Nxf5 28. Bc3 Rc8 29. Bxg7 Kxg7 30. Bd3 Nd6 31. Rxc8 Rxc8 32. a4 Kf6 33. Kf1 Ke5
34. b4 Kd4 35. Be2 Nc4 36. a5 b5 37. Rd1+ Kc3 38. Rxd5 Kxb4 39. a6 Ra8 40. Rd7
Rxa6 41. Bxc4 bxc4 42. Rxh7 c3 43. Ke2 Kb3 44. Rb7+ Kc2 45. f4 Re6+ 46. Kf3 Rd6
47. Ke4 Kd2 48. f5 c2 49. Rc7 gxf5+ 50. Kxf5 Rd5+ 51. Kf4 Rd4+ 52. Kf5 Rd5+ 53.
Kf4 Rd3 54. Rxc2+ Kxc2 55. g4 Rd8 56. g5 Kd3 57. Ke5 Ra8 58. g6 1/2-1/2

[Event "TCh-RUS Blitz 2015"]
[Site "Sochi RUS"]
[Date "2015.05.10"]
[Round "7.3"]
[White "Alekseev, Evgeny"]
[Black "Zablotsky, Sergei"]
[Result "1-0"]
[WhiteTitle "GM"]
[BlackTitle "GM"]
[WhiteElo "2653"]
[BlackElo "2525"]
[WhiteTeam "University (Belorechensk)"]
[BlackTeam "56 parallel (Krasnoyarsk)"]
[WhiteFideId "4138147"]
[BlackFideId "4131606"]
[EventDate "2015.05.10"]

1. e4 d6 2. d4 Nf6 3. Bd3 e5 4. c3 Nc6 5. Nf3 g6 6. O-O Bg7 7. Nbd2 O-O 8. Re1
Nh5 9. Nb3 Bg4 10. Be2 Nf4 11. Bxf4 exf4 12. h3 Bd7 13. Qd2 g5 14. Bd3 Re8 15.
Re2 h6 16. Rae1 a5 17. Nc1 a4 18. Bc2 Na5 19. b3 b5 20. e5 dxe5 21. Nxe5 Be6 22.
Qd3 axb3 23. axb3 Rb8 24. Qh7+ Kf8 25. Ncd3 Nxb3 26. Nc6 Qd5 27. Nxb8 Rxb8 28.
Bxb3 Qxb3 29. Nc5 Qxc3 30. Rxe6 Qxd4 31. Qf5 Rd8 32. Re7 Bf6 33. Nd7+ Kg7 34.
Nxf6 Qxf6 35. Qxf6+ Kxf6 36. Rxc7 Rb8 37. Ree7 b4 38. Rxf7+ Kg6 39. Rb7 Rc8 40.
Rfd7 Rc1+ 41. Kh2 Rc2 42. f3 Kh5 43. Rd6 Rc8 44. Rh7 1-0

[Event "TCh-RUS Blitz 2015"]
[Site "Sochi RUS"]
[Date "2015.05.10"]
[Round "7.4"]
[White "Mikhel, Vladislav"]
[Black "Tregubov, Pavel V."]
[Result "0-1"]
[WhiteTitle "FM"]
[BlackTitle "GM"]
[WhiteElo "2347"]
[BlackElo "2571"]
[WhiteTeam "56 parallel (Krasnoyarsk)"]
[BlackTeam "University (Belorechensk)"]
[WhiteFideId "4140435"]
[BlackFideId "4115341"]
[EventDate "2015.05.10"]

1. e4 c5 2. Nf3 e6 3. d4 cxd4 4. Nxd4 Nc6 5. Nc3 Nf6 6. g3 d5 7. Nxc6 bxc6 8.
Bg2 Ba6 9. Bf4 Qb6 10. Ne2 Nxe4 11. O-O Bc5 12. Bxe4 dxe4 13. b3 Rd8 14. Qe1 O-O
15. c4 e3 16. fxe3 Bxe3+ 17. Bxe3 Qxe3+ 18. Qf2 Qxf2+ 19. Kxf2 Rd2 20. Rfd1 Rfd8
21. Rxd2 Rxd2 22. Ke3 Rd7 23. Nc3 f6 24. Ne4 Bc8 25. Nc5 Rd8 26. a4 Kf7 27. a5
Ke7 28. a6 Kd6 29. Nb7+ Bxb7 30. axb7 Rb8 31. Rxa7 Kc7 32. Kd4 Rxb7 33. Ra8 Kd6
34. Rh8 c5+ 35. Kc3 g5 36. Rd8+ Rd7 37. Rc8 f5 38. b4 cxb4+ 39. Kxb4 Rb7+ 40.
Kc3 Rc7 41. Rg8 g4 42. Ra8 Ke5 43. Ra5+ Ke4 44. c5 Kd5 45. Kb4 Rb7+ 46. Kc3 Rb1
47. Ra7 h5 48. Rh7 Kxc5 49. Rxh5 Kd5 50. h3 Rg1 51. hxg4 Rxg3+ 52. Kd2 Rxg4 53.
Ke3 Ra4 54. Rh8 Ke5 55. Rb8 Ra3+ 56. Kf2 Kf4 57. Rb4+ Kg5 58. Rb8 e5 59. Rb4 e4
60. Rb8 Kf4 0-1

[Event "TCh-RUS Blitz 2015"]
[Site "Sochi RUS"]
[Date "2015.05.10"]
[Round "7.5"]
[White "Korobov, Anton"]
[Black "Nepomniachtchi, Ian"]
[Result "0-1"]
[WhiteTitle "GM"]
[BlackTitle "GM"]
[WhiteElo "2708"]
[BlackElo "2728"]
[WhiteTeam "Sibir (Novosibirsk)"]
[BlackTeam "Our Heritage SHSM-1 (Moscow)"]
[WhiteFideId "14105730"]
[BlackFideId "4168119"]
[EventDate "2015.05.10"]

1. Nf3 g6 2. g3 Bg7 3. Bg2 d5 4. O-O e5 5. d3 Ne7 6. e4 c6 7. Re1 Nd7 8. exd5
cxd5 9. c4 O-O 10. Nc3 d4 11. Ne4 Qc7 12. Qe2 h6 13. Rb1 a5 14. b3 f5 15. Ned2
Nc6 16. a3 Rb8 17. b4 axb4 18. axb4 b5 19. cxb5 Rxb5 20. Nc4 Nb6 21. Nxb6 Qxb6
22. Nd2 Be6 23. Ba3 Bd5 24. Nc4 Qd8 25. Qc2 Bxg2 26. Kxg2 Qd5+ 27. f3 Ra8 28.
Rec1 Kh7 29. Qb3 Rab8 30. Nd2 Nxb4 31. Bxb4 Qxb3 32. Rxb3 Rxb4 33. Rxb4 Rxb4 34.
Rc2 h5 35. h3 Ra4 36. g4 hxg4 37. hxg4 Ra3 38. gxf5 gxf5 39. Rc7 Rxd3 40. Nf1
Rc3 41. Rd7 Rc2+ 42. Kg1 Kg6 43. Ng3 Bf6 44. Kf1 Bh4 45. Ne2 f4 46. Rd5 Kf6 47.
Rd6+ Kf5 48. Rd5 Ke6 49. Nxd4+ exd4 50. Rxd4 Rf2+ 51. Kg1 Rxf3 52. Kg2 Rg3+ 53.
Kh2 Ke5 0-1

[Event "TCh-RUS Blitz 2015"]
[Site "Sochi RUS"]
[Date "2015.05.10"]
[Round "7.6"]
[White "Najer, Evgeniy"]
[Black "Bocharov, Dmitry"]
[Result "1-0"]
[WhiteTitle "GM"]
[BlackTitle "GM"]
[WhiteElo "2663"]
[BlackElo "2577"]
[WhiteTeam "Our Heritage SHSM-1 (Moscow)"]
[BlackTeam "Sibir (Novosibirsk)"]
[WhiteFideId "4118987"]
[BlackFideId "4138716"]
[EventDate "2015.05.10"]

1. e4 c6 2. d4 d5 3. e5 Bf5 4. Nf3 e6 5. Be2 Nd7 6. O-O h6 7. Nbd2 Ne7 8. Nb3 g5
9. Ne1 Qc7 10. Nd3 Ng6 11. a4 O-O-O 12. Bd2 f6 13. exf6 Bd6 14. g3 Nxf6 15. Ba5
b6 16. Bd2 Ne4 17. a5 b5 18. Bb4 Bh3 19. Bxd6 Qxd6 20. Re1 h5 21. Nbc5 h4 22.
Bg4 hxg3 23. fxg3 Ne7 24. Nxe4 dxe4 25. Rxe4 Nf5 26. c3 Nxg3 27. Rxe6 Bxg4 28.
Qxg4 Qd7 29. Rxc6+ Kb7 30. Nc5+ Kxc6 31. Nxd7 Rxd7 32. Qxg3 Re7 33. Qg2+ Kc7 34.
Qg3+ Kd7 35. Re1 Rf7 36. Qg4+ Kd8 37. Qg3 Kd7 38. Rf1 Re7 39. Re1 1-0

[Event "TCh-RUS Blitz 2015"]
[Site "Sochi RUS"]
[Date "2015.05.10"]
[Round "7.7"]
[White "Kokarev, Dmitry"]
[Black "Grachev, Boris"]
[Result "1-0"]
[WhiteTitle "GM"]
[BlackTitle "GM"]
[WhiteElo "2635"]
[BlackElo "2666"]
[WhiteTeam "Sibir (Novosibirsk)"]
[BlackTeam "Our Heritage SHSM-1 (Moscow)"]
[WhiteFideId "4132181"]
[BlackFideId "4129199"]
[EventDate "2015.05.10"]

1. e4 c5 2. Nf3 e6 3. c3 d5 4. exd5 exd5 5. d4 a6 6. Bd3 c4 7. Bc2 Bd6 8. Ne5
Qf6 9. O-O Ne7 10. Qh5 g6 11. Bg5 Qe6 12. Qh4 Bxe5 13. dxe5 Nd7 14. Nd2 Nf5 15.
Bxf5 Qxf5 16. Nf3 O-O 17. Rfe1 Re8 18. Nd4 Qd3 19. Re3 Nxe5 20. Rxd3 cxd3 21. f3
Be6 22. Bf6 Nd7 23. Rd1 1-0

[Event "TCh-RUS Blitz 2015"]
[Site "Sochi RUS"]
[Date "2015.05.10"]
[Round "7.8"]
[White "Dubov, Daniil"]
[Black "Maletin, Pavel"]
[Result "1-0"]
[WhiteTitle "GM"]
[BlackTitle "GM"]
[WhiteElo "2659"]
[BlackElo "2587"]
[WhiteTeam "Our Heritage SHSM-1 (Moscow)"]
[BlackTeam "Sibir (Novosibirsk)"]
[WhiteFideId "24126055"]
[BlackFideId "4146786"]
[EventDate "2015.05.10"]

1. Nf3 d5 2. g3 Bg4 3. Bg2 c6 4. O-O Nd7 5. d3 e5 6. h3 Bh5 7. e4 dxe4 8. dxe4
Ngf6 9. Qe1 Be7 10. Nbd2 O-O 11. Nh4 Re8 12. Nc4 Qc7 13. f4 exf4 14. Bxf4 Qd8
15. g4 Nxe4 16. Nf5 Bc5+ 17. Kh2 Nd6 18. Ncxd6 Rxe1 19. Rfxe1 Bxd6 20. Bxd6 Bg6
21. Ne7+ Kh8 22. Rad1 Nf6 23. c4 Qa5 24. b4 Qxa2 25. Kg1 Qxc4 26. Be5 Qxb4 27.
Ba1 h6 28. Re2 Bh7 29. Rf1 Qc5+ 30. Kh1 Bd3 31. Re5 Qxe5 32. Bxe5 Bxf1 33. Bxf1
a5 34. Nf5 a4 35. Bc4 Kg8 36. Nd6 b5 37. Bxf7+ Kh7 38. h4 Nxg4 39. Bd4 Rd8 40.
Bc5 Nf6 41. h5 Rd7 42. Bg6+ Kg8 43. Bf5 Re7 44. Kg2 Nxh5 45. Kf3 Nf6 46. Bb1 Nd7
47. Ba2+ Kh7 48. Bb1+ g6 49. Ba3 Ne5+ 50. Kf4 Nf7 51. Ne4 Rb7 52. Bb2 a3 53.
Bxa3 h5 54. Bb2 b4 55. Nf6+ Kh6 56. Ng8+ Kh7 57. Nf6+ Kg7 58. Nxh5+ Kf8 59. Nf6
g5+ 60. Kf5 Nd6+ 61. Ke6 Nc4 62. Bd4 Re7+ 63. Kf5 Re1 64. Ba2 Rc1 65. Bc5+ Kf7
66. Bxb4 Rc2 67. Bb3 Rf2+ 68. Kxg5 Ke6 69. Bxc4+ Ke5 70. Ng4+ 1-0

[Event "TCh-RUS Blitz 2015"]
[Site "Sochi RUS"]
[Date "2015.05.10"]
[Round "7.10"]
[White "Levin, Evgeny A."]
[Black "Artemiev, Vladislav"]
[Result "0-1"]
[WhiteTitle "GM"]
[BlackTitle "GM"]
[WhiteElo "2518"]
[BlackElo "2671"]
[WhiteTeam "SDYUSSHOR Hilti (St. Petersburg)"]
[BlackTeam "Rook (Kazan)"]
[WhiteFideId "4182596"]
[BlackFideId "24101605"]
[EventDate "2015.05.10"]

1. d4 Nf6 2. Nf3 g6 3. Bg5 Bg7 4. Nbd2 c5 5. e3 Qb6 6. Rb1 cxd4 7. exd4 h6 8.
Bxf6 Bxf6 9. c3 d6 10. Bc4 Bf5 11. Qa4+ Nd7 12. Bb5 a6 13. Bxd7+ Bxd7 14. Qb3
Qc7 15. O-O O-O 16. Rfe1 Rfe8 17. Re3 b5 18. Rbe1 a5 19. a3 e6 20. Ne4 Bg7 21.
h3 Bc6 22. Ned2 Rab8 23. Qd1 Bd5 24. Qe2 Rec8 25. Rc1 Qa7 26. Qd3 Rc7 27. Ree1
Qb7 28. Rc2 Rbc8 29. Rec1 e5 30. dxe5 dxe5 31. Re1 Re7 32. Qe3 f5 33. Nh4 Kh7
34. Qg3 Rc6 35. Rcc1 e4 36. Nf1 Be5 37. Qe3 Bf6 38. g3 Bg5 39. Qd4 Bxc1 40. Rxc1
Bf7 41. Qd8 Qd7 42. Qxa5 f4 43. gxf4 Qxh3 44. Ng2 Rc5 45. Qb6 Rh5 46. Ng3 Qh2+
47. Kf1 Bc4+ 48. Ke1 Qg1+ 49. Kd2 Qxg2 50. Nxh5 e3+ 51. Kc2 Qe4+ 0-1

[Event "TCh-RUS Blitz 2015"]
[Site "Sochi RUS"]
[Date "2015.05.10"]
[Round "7.11"]
[White "Timofeev, Artyom"]
[Black "Usmanov, Vasily"]
[Result "1-0"]
[WhiteTitle "GM"]
[BlackTitle "IM"]
[WhiteElo "2534"]
[BlackElo "2462"]
[WhiteTeam "Rook (Kazan)"]
[BlackTeam "SDYUSSHOR Hilti (St. Petersburg)"]
[WhiteFideId "4140419"]
[BlackFideId "4135741"]
[EventDate "2015.05.10"]

1. c4 e6 2. Nc3 d5 3. d4 Nf6 4. cxd5 exd5 5. Bg5 Be7 6. e3 c6 7. Bd3 Nbd7 8.
Nge2 O-O 9. Qc2 Re8 10. O-O Nf8 11. f3 Be6 12. Rad1 a6 13. Kh1 Rc8 14. Bh4 N6d7
15. Bg3 c5 16. Qd2 c4 17. Bc2 b5 18. a3 Qb6 19. e4 Nf6 20. e5 Nh5 21. Bf2 g6 22.
g4 Ng7 23. Nf4 Qb7 24. Nxe6 fxe6 25. f4 a5 26. a4 b4 27. Nb5 b3 28. Bb1 Bb4 29.
Qe2 Qd7 30. Bh4 Be7 31. Bf6 Red8 32. Bxg7 Kxg7 33. f5 Bb4 34. Qe3 Kh8 35. h4 Rb8
36. h5 gxh5 37. gxh5 Rxb5 38. axb5 a4 39. Rg1 Qf7 40. Qh6 exf5 41. Rdf1 Ne6 42.
Bxf5 Nxd4 43. Bxh7 Bd2 44. Qxd2 Qxh5+ 45. Qh2 Qxh7 46. Qxh7+ Kxh7 47. Rf7+ Kh6
48. Rfg7 Nf3 49. R1g6+ Kh5 50. Rg3 Rh8 51. Rh3+ Nh4 52. e6 a3 53. bxa3 b2 54.
Rg1 c3 55. Rxc3 Rg8 56. Rb3 Re8 57. Re1 Kg4 58. Rxb2 Nf3 59. Rg1+ Nxg1 60. Kxg1
Rxe6 61. b6 d4 62. b7 Rb6 63. Rxb6 1-0

[Event "TCh-RUS Blitz 2015"]
[Site "Sochi RUS"]
[Date "2015.05.10"]
[Round "7.12"]
[White "Ionov, Sergey"]
[Black "Sharafiev, Azat"]
[Result "0-1"]
[WhiteTitle "GM"]
[BlackTitle "IM"]
[WhiteElo "2535"]
[BlackElo "2415"]
[WhiteTeam "SDYUSSHOR Hilti (St. Petersburg)"]
[BlackTeam "Rook (Kazan)"]
[WhiteFideId "4100875"]
[BlackFideId "4186214"]
[EventDate "2015.05.10"]

1. Nf3 Nf6 2. d4 d5 3. c4 e6 4. Bg5 Be7 5. Nc3 O-O 6. e3 h6 7. Bh4 Ne4 8. Bxe7
Qxe7 9. Rc1 Nxc3 10. Rxc3 c6 11. Be2 dxc4 12. Bxc4 Nd7 13. O-O e5 14. Bb3 exd4
15. exd4 Nf6 16. Re1 Qd6 17. Ne5 Nd5 18. Rg3 Be6 19. Qh5 Kh8 20. Bc2 Nf4 21. Qd1
f6 22. Ng6+ Nxg6 23. Rxg6 Rae8 24. Qd2 Qd7 25. a3 Bf5 26. Rxe8 Rxe8 27. Rg3 Bxc2
28. h4 Be4 29. Qf4 Bd5 30. Kh2 Re4 31. Qd2 Rxh4+ 32. Kg1 Qe7 33. Re3 Re4 34. Qc3
Rxe3 35. fxe3 Qe4 36. Qd2 f5 37. Kf2 Qxg2+ 38. Ke1 Qxd2+ 39. Kxd2 h5 40. Ke2 g5
41. Kf2 Kg7 42. Kg3 h4+ 43. Kh2 g4 44. Kg1 Kg6 45. Kf2 Kg5 0-1

[Event "TCh-RUS Blitz 2015"]
[Site "Sochi RUS"]
[Date "2015.05.10"]
[Round "7.13"]
[White "Malakhov, Vladimir"]
[Black "Bukavshin, Ivan"]
[Result "1/2-1/2"]
[WhiteTitle "GM"]
[BlackTitle "GM"]
[WhiteElo "2702"]
[BlackElo "2648"]
[WhiteTeam "Malachite (Sverdlovsk region)"]
[BlackTeam "Lada (Samara region)"]
[WhiteFideId "4120787"]
[BlackFideId "4199758"]
[EventDate "2015.05.10"]

1. e4 c5 2. Nf3 e6 3. g3 Nc6 4. Bg2 Nf6 5. Qe2 e5 6. Nc3 Nd4 7. Nxd4 cxd4 8. Nd5
Bc5 9. d3 Nxd5 10. exd5 d6 11. O-O O-O 12. f4 f6 13. f5 Bd7 14. Be4 Rc8 15. Kh1
Bb4 16. g4 Qc7 17. Rf2 Ba4 18. b3 Be8 19. g5 Qc3 20. Rb1 Qe1+ 21. Qxe1 Bxe1 22.
Rg2 Bh4 23. Ba3 Bxg5 24. Bxd6 Be3 25. Bxf8 Kxf8 26. Re1 Bh6 27. h4 b5 28. a3 a5
29. Kh2 Rc7 30. Kh3 Ke7 31. Reg1 Kd6 32. Bf3 Re7 33. Be4 Bd7 34. Kg3 Bc8 35. Kf3
Bb7 36. a4 b4 37. h5 Bc8 38. Rh1 Bd7 39. Rhg1 Be8 40. Rh1 Be3 41. Re2 Bg5 42.
Rg2 h6 43. Kg4 Rc7 44. Kf3 Bf7 45. Re2 Rc5 46. Rhh2 Bf4 47. Rh1 Bg5 48. Rhh2
Bxd5 49. Bxd5 Kxd5 50. Re4 Rc7 1/2-1/2